Bilecik Bilecik Bilecik Bilecik Bilecik

Roget's thesaurus of synonyms and antonyms/ (Record no. 58162)

MARC details
000 -BAŞLIK
Sabit Uzunluktaki Kontrol Alanı 00880nam a22002777a 4500
001 - KONTROL NUMARASI
Control Dosyası 0058358
003 - KONTROL NUMARASI KİMLİĞİ
Kontrol Alanı KOHA_MİRAKIL
005 - EN SON İŞLEM TARİHİ ve ZAMANI
Kontrol Alanı 20260207004151.0
007 - FİZİKSEL TANIM SABİT ALAN - GENEL BİLGİ
Sabit uzunluklu kontrol alanı ta
008 - SABİT UZUNLUKTAKİ VERİ ÖGELERİ - GENEL BİLGİ
Sabit Alan 160610b1979 enk |||gr||||#0|||1|eng |
040 ## - KATALOGLAMA KAYNAĞI
Özgün Kataloglama Kurumu TR-BiSEU
Kataloglama Dili tur
Çeviri Kurumu TR-BiSEU
Açıklama Kuralları rda
041 0# - DİL KODU
Metin ya da ses kaydının dil kodu eng
044 ## - YAYINLAYAN/ÜRETEN KURULUŞUN ÜLKE KODU
ISO country code enk
050 ## - SINIFLAMA ve YER NUMARASI
Sınıflama Numarası PE1591
Yer Numarası .R64 1979
100 1# - KİŞİ ADI
Yazar Adı (Kişi adı) Roget, Peter Mark.
245 1# - ESER ADI BİLDİRİMİ
Başlık Roget's thesaurus of synonyms and antonyms/
Sorumluluk Bildirimi Peter Mark Roget ; by Peter Mark Roget; enlarged by John Lewis Roget.
264 #1 - ÜRERİM, YAYIN, DAĞITIM ve TELİF BİLDİRİMİ
Yayın yeri London :
Yayınlayan Universtiy Books
Yayın tarihi 1979
300 ## - FİZİKSEL TANIMLAMA
Sayfa, Cilt vb. [350] pages; 23 cm.
336 ## - İÇERİK TÜRÜ
Content type term metin
Content type code txt
Source rdacontent
337 ## - MEDYA TÜRÜ
Media type term aracısız
Media type code n
Source rdamedia
338 ## - TAŞIYICI TÜRÜ
Carrier type term cilt
Carrier type code nc
Source rdacarrier
650 #0 - KONU BAŞLIĞI EK GİRİŞ - KONU TERİMİ
Konusal terim veya coğrafi ad English language--Synonyms and antonyms.
9 (RLIN) 37072
650 #0 - KONU BAŞLIĞI EK GİRİŞ - KONU TERİMİ
Konusal terim veya coğrafi ad İngiliz dili --Anlamdaş ve zıt anlamlı kelimeler.
9 (RLIN) 108038
907 ## - LOCAL DATA ELEMENT G, LDG (RLIN)
a Dil
942 ## - EK GİRİŞ ÖGELERİ (KOHA)
Source of classification or shelving scheme Library of Congress Classification
Koha item type Book
Holdings
Materyal Türü Kalıcı Konum Mevcut Konum Raf Yeri Sınıflandırma Kaynağı Edinim Bilgisi Ana Konular Alt Konular Yer Numarası Demirbaş Numarası Fatura Tarihi Geri Çekilme Durumu Kayıp Durumu Hasarlı Durumu Kredi için değil Kayıt Tarih Toplam Ödünçverme Son Görülme Tarihi Son Kontrol Tarihi Genel / Bağış Notu
Book Prof. Dr. Azmi Özcan Kütüphanesi Prof. Dr. Azmi Özcan Kütüphanesi Birûni Salonu Library of Congress Classification Bağış DİL VE EDEBİYAT İngiliz Dili PE1591 .R64 1979 0058358 02/02/2026         10/06/2016   05/12/2024 05/12/2024 Abdulkerim Abdulkadiroğlu, Akademisyen